000 00627nam a22002297a 4500
003 UA-OsUOA
001 92026
007 ta
008 20121210b un ||||| |||| 00| 0 ukr d
100 _aШевело Л.
090 _a821.161.2
_bШ37
942 _cBK
040 _aUA-OsUOA
_bukr
_cUA-OsUOA
_dUA-OsUOA
245 _aЗ народних витоків
_bпоезії
300 _a83 с.
955 _a3
041 _aukr
080 _a821.161.2
260 _aК.
_bУкраїнський письменник
_c1992
650 7 _a82 Література. Літературознавство
_2UDC
999 _c378285
_d378285